<?xml version="1.0" encoding="UTF-8"?><?xml-stylesheet type="text/xsl" href="static/style.xsl"?><OAI-PMH xmlns="http://www.openarchives.org/OAI/2.0/" xmlns:xsi="http://www.w3.org/2001/XMLSchema-instance" xsi:schemaLocation="http://www.openarchives.org/OAI/2.0/ http://www.openarchives.org/OAI/2.0/OAI-PMH.xsd"><responseDate>2026-04-27T06:28:21Z</responseDate><request verb="GetRecord" identifier="oai:repisalud.isciii.es:20.500.12105/16918" metadataPrefix="marc">https://repisalud.isciii.es/rest/oai/request</request><GetRecord><record><header><identifier>oai:repisalud.isciii.es:20.500.12105/16918</identifier><datestamp>2025-06-06T15:33:20Z</datestamp><setSpec>com_20.500.12105_15939</setSpec><setSpec>com_20.500.12105_5568</setSpec><setSpec>com_20.500.12105_2404</setSpec><setSpec>com_20.500.12105_2403</setSpec><setSpec>col_20.500.12105_16912</setSpec></header><metadata><record xmlns="http://www.loc.gov/MARC21/slim" xmlns:dcterms="http://purl.org/dc/terms/" xmlns:doc="http://www.lyncode.com/xoai" xmlns:xsi="http://www.w3.org/2001/XMLSchema-instance" xsi:schemaLocation="http://www.loc.gov/MARC21/slim http://www.loc.gov/standards/marcxml/schema/MARC21slim.xsd">
   <leader>00925njm 22002777a 4500</leader>
   <datafield ind2=" " ind1=" " tag="042">
      <subfield code="a">dc</subfield>
   </datafield>
   <datafield ind2=" " ind1=" " tag="720">
      <subfield code="a">De la Calle Fernández-Miranda, Maria</subfield>
      <subfield code="e">author</subfield>
   </datafield>
   <datafield ind2=" " ind1=" " tag="720">
      <subfield code="a">Fierro Alonso, Angela</subfield>
      <subfield code="e">author</subfield>
   </datafield>
   <datafield ind2=" " ind1=" " tag="720">
      <subfield code="a">Pellicer Espinosa, Irene</subfield>
      <subfield code="e">author</subfield>
   </datafield>
   <datafield ind2=" " ind1=" " tag="720">
      <subfield code="a">Bartha Rasero, Jose Luis</subfield>
      <subfield code="e">author</subfield>
   </datafield>
   <datafield ind2=" " ind1=" " tag="720">
      <subfield code="a">De la Calle Fernández-Miranda, Maria</subfield>
      <subfield code="e">author</subfield>
   </datafield>
   <datafield ind2=" " ind1=" " tag="720">
      <subfield code="a">Fierro Alonso, Angela</subfield>
      <subfield code="e">author</subfield>
   </datafield>
   <datafield ind2=" " ind1=" " tag="720">
      <subfield code="a">Pellicer Espinosa, Irene</subfield>
      <subfield code="e">author</subfield>
   </datafield>
   <datafield ind2=" " ind1=" " tag="720">
      <subfield code="a">Bartha Rasero, Jose Luis</subfield>
      <subfield code="e">author</subfield>
   </datafield>
   <datafield ind2=" " ind1=" " tag="260">
      <subfield code="c">2023</subfield>
   </datafield>
   <datafield ind2=" " ind1=" " tag="520">
      <subfield code="a">[ES] Introducción: El citomegalovirus (CMV) es la causa más común de infección congénita en los países desarrollados. La avidez de CMV-IgG puede ser útil para el manejo de la gestación. Método: Estudio retrospectivo de gestantes con CMV-IgM+ e IgG+ en el primer trimestre del embarazo controladas en el Hospital La Paz (Madrid) entre 2018 y 2022. Resultados: Se incluyeron 98 gestantes. La avidez de CMV-IgG fue baja en 63 casos (64%). Se realizó amniocentesis  en  62  casos  y  12  (19,3%)  tuvieron  CMV-PCR  positiva  e  infección  fetal.  Cinco  recién  nacidos presentaron síntomas al nacer (7,9%). Entre las gestantes con alta avidez (n=35), se realizó amniocentesis en 19 (54%), siendo todas negativas y teniendo todos PCR de CMV en orina negativa al nacimiento. El riesgo de transmisión vertical fue significativamente menor en comparación con las gestantes con baja avidez de IgG (p&lt;0,0001).Conclusiones: En el área Norte de Madrid, la mayoría de las infecciones por CMV son primoinfecciones. El riesgo de CMV congénito es muy bajo cuando la avidez de IgG es alta (reactivación o enferme-dad latente) en el primer trimestre. [EN] Introduction: Cytomegalovirus (CMV) is the most common cause of congenital infection in developed countries. CMV-IgG avidity may be useful for pregnancy management.Method: Retrospective study of pregnant women with CMV-IgM+ and IgG+ in the first trimester at the La Paz Hospital (Madrid) between 2018 and 2022. Results: 98 pregnant women were included. CMV-IgG avidity was low in 63 cases (64%). Amniocenesis  was  performed  in  62  cases,  and  12  (19.3%)  had  positive  CMV-PCR.  Five  newborns  presented  symptoms at birth (41.7%). Among pregnant women with high avidity (n=35), amniocentesis was performed in 19 (54%), all of which were negative. All newborns had negative urine CMV PCR. The risk of vertical transmission was significantly lower compared to pregnant women with low IgG avidity (p&lt;0.0001).Conclusions: In the northern area of Madrid, the majority of CMV infections are primary infections. The risk of congenital CMV is very low when IgG avidity is high in the first trimester.</subfield>
   </datafield>
   <datafield ind1="8" ind2=" " tag="024">
      <subfield code="a">De la Calle Fernández-Miranda M, Fierro Alonso A, Pellicer Espinosa I, Bartha Rasero JL. Riesgo de transmisión de citome-galovirus congénito en el área norte de Madrid. Boletín Epidemiológico Semanal. 2023;31(4):253-259</subfield>
   </datafield>
   <datafield ind1="8" ind2=" " tag="024">
      <subfield code="a">1135-6286</subfield>
   </datafield>
   <datafield ind1="8" ind2=" " tag="024">
      <subfield code="a">http://hdl.handle.net/20.500.12105/16918</subfield>
   </datafield>
   <datafield ind1="8" ind2=" " tag="024">
      <subfield code="a">10.4321/s2173-92772023000400005</subfield>
   </datafield>
   <datafield ind1="8" ind2=" " tag="024">
      <subfield code="a">2173-9277</subfield>
   </datafield>
   <datafield ind1="8" ind2=" " tag="024">
      <subfield code="a">Boletín Epidemiológico Semanal</subfield>
   </datafield>
   <datafield tag="653" ind2=" " ind1=" ">
      <subfield code="a">Citomegalovirus congénito</subfield>
   </datafield>
   <datafield tag="653" ind2=" " ind1=" ">
      <subfield code="a">Primoinfección por CMV</subfield>
   </datafield>
   <datafield tag="653" ind2=" " ind1=" ">
      <subfield code="a">Avidez de la IgG de CMV</subfield>
   </datafield>
   <datafield ind2="0" ind1="0" tag="245">
      <subfield code="a">Riesgo de transmisión de citomegalovirus congénito en el área norte de Madrid</subfield>
   </datafield>
</record></metadata></record></GetRecord></OAI-PMH>